| 000 | 00930nam a2200217 a 4500 | ||
|---|---|---|---|
| 001 | 000039382 | ||
| 005 | 20201002031625.0 | ||
| 008 | 130625s1984 sp 001 0 spa d | ||
| 020 | _a8400058453 | ||
| 040 |
_aDO-SdBNP _bspa _cBNPHU |
||
| 100 | 1 |
_aBádenas de la Peña, Pedro _915354 |
|
| 245 | 1 | 3 |
_aLa estructura del diálogo platónico / _cPedro Bádenas de la Peña ; prólogo Francisco Rodríguez Adrados. |
| 260 |
_aMadrid : _bConsejo Superior de Investigación Científicas, _c1984. |
||
| 300 |
_a295 p. ; _c24 cm. |
||
| 490 | 1 |
_aInstituto Antonio de Nebrija _aManuales y anejos Emerita _v35 |
|
| 504 | _aIncluye referencias bibliográficas y notas al pie de las páginas | ||
| 504 | _aBibliografía : p. 291-295 | ||
| 700 | 1 |
_aRodríguez Adrados, Adrados _epról. _965589 |
|
| 710 | 0 |
_aConsejo Superior de Investigación Científicas, _963831 |
|
| 830 | 0 |
_aInstituto Antonio de Nebrija _aManuales y anejos Emerita _v35 _965590 |
|
| 999 |
_c38872 _d38872 |
||